00562nam a22001697a 450000500170000001000170001702000260003402000290006003500170008903700260010608200080013224501120014026000510025227000310030330000190033450000390035320120720122231.0 aB-477500-504 a9780230248021cUK 180 a9780230248021c14,743.00 aB-477500-504 adplbVirtuous Pub/Ven a050 aThe Statesman's yearbook 2012:bthe politics, cultures and economics of the world /cedited by Barry Turner aNew yorkb Palgrave Macmillan Publishersc2011 a175 Fifth avenuebNew York a1364 p.c25cm. aIt Includes abbrevations and index